USING INFORMATION TECHNOLOGY: A PRACTICAL INTRODUCTION TO COMPUTERS AND COMMUNICATIONS. / (Record no. 13050)
[ view plain ]
| 000 -الفاتح | |
|---|---|
| حقل البيانات ثابتة الطول | 00583nam a2200193Ia 4500 |
| 008 - عناصر البيانات ثابتة الطول - معلومات عامة | |
| حقل البيانات ثابتة الطول | 140319s9999 xx 000 0 eng d |
| 040 ## - مصدر الفهرسة | |
| وكالة الفهرسة الأصلية | GCL / |
| وكالة النسخ | GCL |
| 082 04 - رقم تصنيف ديوى العشرى | |
| رقم التصنيف | 004 |
| رقم المادة | W U |
| 100 1# - المدخل الرئيسى - إسم شخصى | |
| الإسم الشخصى | HUTCHINSON, SARAH E |
| 245 10 - بيان العنوان | |
| العنوان | USING INFORMATION TECHNOLOGY: A PRACTICAL INTRODUCTION TO COMPUTERS AND COMMUNICATIONS. / |
| بيان المسئوليه,etc | HUTCHINSON, SARAH E |
| 700 1# - المدخل الاضافى - اسم شخصى | |
| الإسم الشخصى | WILLIAMS, BRIAN K. |
| 700 1# - المدخل الاضافى - اسم شخصى | |
| الإسم الشخصى | SAWYER, STACEY C. |
| 260 ## - PUBLICATION, DISTRIBUTION, ETC. (IMPRINT) | |
| تاريخ النشر أو التوزيع | 1995 |
| 300 ## - الوصف المادى | |
| التعداد | 646 P |
| 650 04 - المدخل الاضافى بالموضوع-مصطلح موضوعى | |
| مصطلح موضوعي | TELECOMMUNICATION - SYSTEMS |
| 650 04 - المدخل الاضافى بالموضوع-مصطلح موضوعى | |
| مصطلح موضوعي | INFORMATION TECHNOLOGY |
| 942 ## - عناصر المدخل الإضافي( كوها) | |
| مصدر التصنيف او مخطط الترفيف | Dewey Decimal Classification |
| Koha [default] item type | كتاب |
| 260 ## - PUBLICATION, DISTRIBUTION, ETC. (IMPRINT) | |
| -- | [S.N] : |
| -- | IRWIN ، |
| حالة التراجع | حالة الفقد | حالة تلف | ليس للاعارة | المكان المؤقت | الموقع الحالى | تاريخ الاكتساب | اجمالي اﻻعارات | رقم الطلب | الباركود | تاريخ اخر مشاهدة | تاريخ تفعيل السعر | نوع وعاء كوها |
|---|---|---|---|---|---|---|---|---|---|---|---|---|
| مكتبة القاهرة الكبرى | مكتبة القاهرة الكبرى | 03/26/2014 | 004\W U | 25213 | 03/26/2014 | 03/26/2014 | كتاب |

